Programa de educación sobre conservación y gestión de los recursos naturales
Furkejuvvon:
| Váldodahkki: | |
|---|---|
| Materiálatiipa: | Girji |
| Giella: | espánnjágiella |
| Almmustuhtton: |
Bilbao
Los Libros de la Catarata
1994
|
| Ráidu: | Serie de Educación Ambiental, 3
|
| Fáttát: | |
| Fáddágilkorat: |
Lasit fáddágilkoriid
Eai fáddágilkorat, Lasit vuosttaš fáddágilkora!
|
MARC
| LEADER | 00000nam a2200000 a 4500 | ||
|---|---|---|---|
| 001 | UCZ2903 | ||
| 003 | CL-VaPUC | ||
| 008 | 951013e19940000SP |||||||||||||||||spa|d | ||
| 082 | 0 | 4 | |a 372.357 |b SOU |2 21 |
| 100 | 0 | |a Souchon, Christian |e author |9 346686 | |
| 245 | 1 | 0 | |a Programa de educación sobre conservación y gestión de los recursos naturales |
| 300 | |a 75 h | ||
| 942 | |c BK | ||
| 945 | |d 19951013 00:00:00 |a awong | ||
| 260 | |a Bilbao |b Los Libros de la Catarata |c 1994 | ||
| 650 | 0 | |a Educación ambiental |9 262920 | |
| 650 | 0 | |a Programas de educación |9 339040 | |
| 650 | 0 | |a Gestión ambiental |9 338121 | |
| 583 | |a last modification |c 20161003 10:21:13 |k Rodrigo Vera | ||
| 490 | 0 | |a Serie de Educación Ambiental, 3 | |
| 999 | |c 239443 |d 239441 | ||
| 952 | |0 0 |1 0 |4 0 |6 372_357000000000000_SOU_1994 |7 0 |8 A |9 250567 |a BIBING |b BIBING |d 2019-11-18 |i 3136949 |o 372.357 SOU 1994 |p 3136949 |r 2025-01-20 |w 2019-11-18 |y BK |k GEO | ||